| 000 | 01386cam a2200337 i 4500 | ||
|---|---|---|---|
| 999 |
_c174687 _d174687 |
||
| 001 | 17891371 | ||
| 003 | Nust | ||
| 005 | 20180117090022.0 | ||
| 008 | 130919s2014 ilua b 001 0 eng | ||
| 010 | _a 2013037403 | ||
| 020 | _a9781935871064 (alk. paper) | ||
| 040 |
_aDLC _beng _cDLC _erda _dDLC |
||
| 042 | _apcc | ||
| 050 | 0 | 0 |
_aHV40 _b.P33 2014 |
| 082 | 0 | 0 |
_a361.301 _223 |
| 100 | 1 |
_aPayne, Malcolm, _d1947- |
|
| 245 | 1 | 0 |
_aModern social work theory / _cMalcolm Payne. |
| 250 | _a4th edition. | ||
| 264 | 1 |
_aChicago, Illinois : _bLyceum Books, Inc., _c[2014] |
|
| 300 |
_axx, 441 pages : _billustrations ; _c25 cm |
||
| 336 |
_atext _2rdacontent |
||
| 337 |
_aunmediated _2rdamedia |
||
| 338 |
_avolume _2rdacarrier |
||
| 504 | _aIncludes bibliographical references (pages 402-427) and indexes. | ||
| 650 | 0 |
_aSocial service _xPhilosophy. |
|
| 906 |
_a7 _bcbc _corignew _d1 _eecip _f20 _gy-gencatlg |
||
| 942 |
_2ddc _cBK |
||